| 000 | 01191nam0a22002411 4500 | ||
|---|---|---|---|
| 001 | rc\259229 | ||
| 005 | 20030307121422.4 | ||
| 035 | _a(NLR Aleph) 005532365 | ||
| 090 |
_a5622923 _c5622923 |
||
| 100 | _a20030307d1990 u |0rusy50 ca | ||
| 101 | 0 | _arus | |
| 102 | _aRU | ||
| 105 | _aa ||||||||| | ||
| 200 | 1 |
_aПерспективное направление развития ассортимента и художественно-колористического оформления тканей на 1991 год _fМ-во быт. обслуж. населения РСФСР. Центр. опыт.-техн. швейн. лаб. _g[Исполн. Г.Г. Лазарева и др.] |
|
| 210 |
_aМ. _cЦБНТИ _d1990 |
||
| 215 |
_a34 с. _cил. _d20 |
||
| 300 | _aЗагл. предыдущих выпусков: Перспективное направление развития ассортимента и художественно-колористического оформления тканей и материалов | ||
| 702 | 1 |
_aЛазарева _bГ. Г. _4570 |
|
| 801 | 0 |
_aRU _bNLR _gpsbo |
|
| 801 | 1 |
_aRU _bELAR _2rusmarc |
|
| 852 |
_aNLR _j84-4/3253 |
||
| 942 | _cBOOK | ||
| 980 | _aNB | ||